Imperial Vision: Indian Architecture And Britain's Raj (Record no. 367986)

MARC details
000 -LEADER
fixed length control field 00405 a2200145 4500
005 - DATE AND TIME OF LATEST TRANSACTION
control field 20251015170846.0
008 - FIXED-LENGTH DATA ELEMENTS--GENERAL INFORMATION
fixed length control field 251014b |||||||| |||| 00| 0 eng d
020 ## - INTERNATIONAL STANDARD BOOK NUMBER
International Standard Book Number 9780520062351
082 ## - DEWEY DECIMAL CLASSIFICATION NUMBER
Classification number 720.93/MET
100 ## - MAIN ENTRY--PERSONAL NAME
Author Metcalf T R
245 ## - TITLE STATEMENT
Title Imperial Vision: Indian Architecture And Britain's Raj
260 ## - PUBLICATION, DISTRIBUTION, ETC.
Name of publisher, distributor, etc. University Of California Press
Date of publication, distribution, etc. 1989
Place of publication, distribution, etc. California
300 ## - PHYSICAL DESCRIPTION
Extent 301p
Other physical details HB
942 ## - ADDED ENTRY ELEMENTS (KOHA)
Koha item type Reference book
Holdings
Withdrawn status Lost status Source of classification or shelving scheme Damaged status Not for loan Home library Current library Date acquired Vendor Net Price Total Checkouts Full call number Barcode Date last seen Actual Price Bill Date Koha item type
    Dewey Decimal Classification   Available Dr. Bhanuben Nanavati College of Architecture Dr. Bhanuben Nanavati College of Architecture 13/10/2025 170 9502.51   720.93/MET BNCA-BK-13274 13/10/2025 13771.75 13/10/2025 Reference book